LEADER 01414nam0 22003253i 450 001 RAV1630430 005 20251003044331.0 010 $a9788860362018 100 $a20121031d2008 ||||0itac50 ba 101 | $aita 102 $ait 181 1$6z01$ai $bxxxe 182 1$6z01$an 200 1 $aˆL'‰altalena della concertazione$epatti e accordi italiani in prospettiva europea$fMimmo Carrieri 210 $aRoma$cDonzelli$d2008 215 $a143 p.$d17 cm. 225 | $aInterventi 410 0$1001LO10263408$12001 $aInterventi 606 $aAccordi collettivi di lavoro$xItalia$2FIR$3LO1C729934$9I 676 $a331$9ECONOMIA DEL LAVORO$v14 676 $a331.0945$9ECONOMIA DEL LAVORO, RELAZIONI INDUSTRIALI. Italia$v20 700 1$aCarrieri$b, Mimmo$3CFIV014685$4070$0129069 801 3$aIT$bIT-000000$c20121031 850 $aIT-BN0095 901 $bNAP 01$cPOZZO LIB.$nVi sono collocati fondi di economia, periodici di ingegneria e scienze, periodici di economia e statistica e altri fondi comprendenti documenti di economia pervenuti in dono. 912 $aRAV1630430 950 0$aBiblioteca Centralizzata di Ateneo$c1 v.$d 01POZZO LIB.ECON MON 1926$e 0101 0000200535E VMA 1 v. (stampa 2007. - Precedente collocazione: DASES A 87)$fB $h20080829$i20080829 977 $a 01 996 $aAltalena della concertazione$966253 997 $aUNISANNIO